Green sustainable process for chemical and environmental engineering and science : organic synthesis in water and supercritical water /

Green Sustainable Process for Chemical and Environmental Engineering and Science: Organic Synthesis in Water and Supercritical Water provides an in-depth review of purification and extraction methods for medicinal, analytical, engineering and bioactive compounds utilizing green chemistry protocols.

Bibliographic Details
Corporate Author: ScienceDirect (Online service)
Other Authors: Inamuddin, 1980- (Editor), Boddula, Rajender (Editor), Asiri, Abdullah M. (Editor)
Format: eBook
Language:English
Published: Amsterdam, Netherlands : Elsevier, 2020.
Subjects:
Online Access:Connect to the full text of this electronic book

MARC

Tag First Indicator Second Indicator Subfields
LEADER 00000cam a2200000 i 4500
001 in00005767006
005 20260327165035.2
006 m o d
007 cr cnu---unuuu
008 200715s2020 ne o 000 0 eng d
040 |a OPELS  |b eng  |e rda  |e pn  |c OPELS  |d N$T  |d OCLCF  |d ABC  |d OCLCO  |d OCLCQ  |d OCLCO  |d K6U  |d OCLCQ  |d OCLCO  |d OCLCQ  |d OCLCL  |d SXB  |d OCLCQ  |d OCLCO  |d OCLCQ  |d SFB  |d OCLCQ  |d OCLCL 
020 |a 9780128195420  |q (paperback) 
020 |a 0128195428  |q (paperback) 
035 |a (OCoLC)1165367030 
050 4 |a TP155.2.E58 
082 0 4 |a 660.028/6  |2 23 
049 |a TXAM 
245 0 0 |a Green sustainable process for chemical and environmental engineering and science :  |b organic synthesis in water and supercritical water /  |c edited by Inamuddin, Rajender Boddula and Abdulah M. Asiri. 
246 3 |a Organic synthesis in water and supercritical water 
264 1 |a Amsterdam, Netherlands :  |b Elsevier,  |c 2020. 
300 |a 1 online resource 
336 |a text  |b txt  |2 rdacontent 
337 |a computer  |b c  |2 rdamedia 
338 |a online resource  |b cr  |2 rdacarrier 
588 0 |a Online resource; title from PDF title page (ScienceDirect, viewed July 15, 2020). 
505 8 |a 2.9. Aqueous intramolecular D-A reaction in the total synthesis -- 2.10. [3+2] Cycloaddition reactions in water -- 2.11. [4+3] Cycloaddition reaction -- 2.12. [2+2+2] Cycloadditions -- 2.13. [5+2] Cycloadditions -- 3. Cycloaddition reactions ``on-water´´ -- 4. Concluding remarks -- Acknowledgments -- References -- Chapter 4: Hydrogenation reactions in water -- 1. Introduction -- 2. Types of hydrogenation -- 2.1. Catalytic hydrogenation -- 2.2. Transfer hydrogenation -- 2.3. Asymmetric hydrogenation -- 2.4. Asymmetric transfer hydrogenation -- 2.5. Electrocatalytic hydrogenation -- 2.6. Selective hydrogenation -- 2.6.1. Chemoselective hydrogenation -- 2.6.2. Diastereoselective hydrogenation -- 2.6.3. Regioselective hydrogenation -- 2.7. Other hydrogenation -- 3. Water as hydrogen donor -- 3.1. Synthesis of aliphatic compounds -- 3.2. Synthesis of aromatic compounds -- 3.3. Synthesis of carbonyl compounds -- 3.4. Synthesis of alcohols, ethers, sugars, nitro and nitril compounds -- 3.5. Synthesis of bio-oils, fossil fuel, and cellulose -- 4. Water as solvent -- 4.1. Synthesis of aliphatic compounds -- 4.2. Synthesis of aromatic compounds -- 4.3. Synthesis of carbonyl compounds -- 4.4. Synthesis of alcohols, ethers, sugars, nitro, and nitril compounds -- 5. Conclusion -- References -- Chapter 5: Magnetically separable nanocatalyzed synthesis of bioactive heterocycles in water -- 1. Introduction -- 2. Synthesis of nitrogen-containing heterocycles -- 2.1. Synthesis of N-substituted pyrroles -- 2.2. Synthesis of 1,4-dihydropyridines -- 2.3. Synthesis of hexahydroquinoline carboxylates -- 2.4. Synthesis of quinolines -- 2.5. Synthesis of acridine-1,8(2H,5H)-diones -- 2.6. Synthesis of benzo[d]imidazoles -- 2.7. Synthesis of imidazo[1,2-a]pyridines -- 2.8. Synthesis of quinoxalines -- 2.9. Synthesis of 1,2,3-triazoles. 
505 8 |a 5. Factors affecting CC coupling reactions in water -- 5.1. Catalyst -- 5.2. Bimetallic catalysts -- 5.3. Base and concentration effect -- 5.4. Light water/heavy water -- 5.5. Energy source -- 5.6. Additives and transfer agents -- 6. Specific CC coupling reactions -- 6.1. Mizoroki-Heck reaction -- 6.2. Hiyama reaction -- 6.3. Suzuki-Miyaura reaction -- 6.4. Sonogashira-Hagihara reaction -- 6.5. Stille reaction -- 6.6. Negishi reaction -- 7. Applications in synthesis -- 7.1. Derivatization of biomolecules -- 7.2. Bioactive molecules -- 8. Conclusions -- References -- Index. 
520 |a Green Sustainable Process for Chemical and Environmental Engineering and Science: Organic Synthesis in Water and Supercritical Water provides an in-depth review of purification and extraction methods for medicinal, analytical, engineering and bioactive compounds utilizing green chemistry protocols. 
650 0 |a Green chemistry. 
650 6 |a Chimie verte. 
650 7 |a Green chemistry  |2 fast 
655 7 |a Electronic books.  |2 local 
700 0 |a Inamuddin,  |d 1980-  |e editor. 
700 1 |a Boddula, Rajender,  |e editor.  |1 https://id.oclc.org/worldcat/entity/E39PCjyrhfwWJWDhGcP7vGdJDq 
700 1 |a Asiri, Abdullah M.,  |e editor.  |1 https://id.oclc.org/worldcat/entity/E39PBJgCJWXP839J3JjThvxxDq 
710 2 |a ScienceDirect (Online service) 
856 4 0 |u http://proxy.library.tamu.edu/login?url=https://www.sciencedirect.com/science/book/9780128195420  |z Connect to the full text of this electronic book  |t 0 
955 |a Elsevier ScienceDirect 2026-2027 
955 |a Knovel ebooks 
994 |a 92  |b TXA 
999 f f |i da1d8c36-fd7b-440b-bc61-1e3dbe26705d  |s e75c7665-39f7-4e9a-860b-8ebe42b4d96b  |t 0 
952 f f |a Texas A&M University  |b College Station  |c Electronic Resources  |s www_evans  |d Available Online  |t 0  |e TP155.2.E58   |h Library of Congress classification 
998 f f |a TP155.2.E58   |t 0  |l Available Online